Identifikácia priehybov a vnútorných síl mostnej konštrukcie od účinkov dopravy
Salvato in:
| Autore principale: | |
|---|---|
| Altri autori: | |
| Natura: | Manoscritto Libro |
| Lingua: | slovacco |
| Pubblicazione: |
2024
|
| Soggetti: | |
| Accesso online: | http://is.stuba.sk/zp/portal_zp.pl?podrobnosti=175820 https://opac.crzp.sk/?fn=detailBiblioForm&sid=46F337D26E70386BC83D6E11D928 |
| Tags: |
Nessun Tag, puoi essere il primo ad aggiungerne!!
|
MARC
| LEADER | 00000ntm a22000003a 4500 | ||
|---|---|---|---|
| 001 | stuzp99773 | ||
| 003 | SK-STU | ||
| 005 | 20240925102748.6 | ||
| 007 | ta | ||
| 008 | 150427s2015----xo-----f-mn---000-0-slo-d | ||
| 040 | |a STU |b slo | ||
| 041 | 0 | |a slo | |
| 100 | 1 | |a Mazáčková, Karolína |u 010250 |4 aut |U SvF Stavebná fakulta |T SvF Katedra stavebnej mechaniky |X 103875 |U V250 |Y 26 |7 103875 | |
| 242 | 0 | 1 | |a Structural displacements and internal forces identification on the bridge due to traffic |y eng |
| 245 | 1 | 0 | |a Identifikácia priehybov a vnútorných síl mostnej konštrukcie od účinkov dopravy |
| 260 | |c 2024 | ||
| 650 | 4 | |a Most SNP |2 slo | |
| 650 | 4 | |a interferometrický radar |2 slo | |
| 650 | 4 | |a vplyvové čiary |2 slo | |
| 650 | 4 | |a priehyby v reálnom čase |2 slo | |
| 650 | 4 | |a Interferometric radar |2 eng | |
| 650 | 4 | |a SNP bridge |2 eng | |
| 650 | 4 | |a Influence lines |2 eng | |
| 650 | 4 | |a Displacements in real time |2 eng | |
| 700 | 1 | |a Sokol, Milan |u 010250 |k Z1 |4 ths |U SvF Stavebná fakulta |T SvF Katedra stavebnej mechaniky |X 687 |U V250 |Y 26 |7 A000000687 | |
| 856 | 4 | |u http://is.stuba.sk/zp/portal_zp.pl?podrobnosti=175820 | |
| 856 | 4 | |u https://opac.crzp.sk/?fn=detailBiblioForm&sid=46F337D26E70386BC83D6E11D928 | |